000 01379nam a2200301 a 4500
003 EG-GICUC
005 20260502130336.0
008 260502s1972 ua |||fr|||| 00| 0 ara d
017 _a1972/6322
040 _a EG-GICUC
_bara
_c EG-GICUC
_d EG-GICUC
_erda
082 0 4 _221
_a345.3231
_bم ؤ . م
092 0 4 _221
099 _aLaw1 07 345.3231 م ؤ . م 1972
111 1 _aالجهاز المركزي للتنظيم والإدارة
_eمؤلف.
245 1 0 _aمؤتمر المباني الإدارية وأثرها علي كفاءة الأداء ۲۰ مارس سنة ۱۹۷۱ - ١٥ أبريل سنة ١٩٧١ :
_pدراسات المؤتمر،
_nالجزء الاول /
_cالجهاز المركزي للتنظيم والإدارة.
264 1 _aالقاهرة :
_bالهيئة العامة لشئون المطابع الأميرية،
_c1972.
300 _a507 ؛ صفحة
_bإيضاحيات، صور، مثيليات ؛
_c24 سم
336 _2rda content
_atext
337 _2rda media
_aComputer
338 _2rda carrier
_aOnline Resource
504 _aيشتمل علي ارجاعات ببليوجرافية
546 _aالنص باللغة العربية
650 1 4 _aالمرفق العامة الإدارية
_2qrmak
651 1 _2qrmak
856 4 0 _uhttps://fll.law.cu.edu.eg/fulltext/conf/B07-01268.pdf
905 _a161
942 _2ddc
_cBK
_e21
_n0
999 _c74806
_d74806